000 01186nam a2200325 i 4500
001 bg
003 BPK
005 20250401133742.0
006 m f d
007 co ng nnnaaaan
008 s2008 pl a f f |000 0 pol d
020 _a9788373651562
040 _cBPK
080 _a005.31/.34
080 _a(075.8)
080 _a(0.034.44)
100 1 _aSłowiński, Bronisław
_eAutor
245 0 _aPodstawy sprawnego działania
_h[Dokument elektroniczny] /
_cBronisław Słowiński.
260 _aKoszalin :
_bWydawnictwo Uczelniane Politechniki Koszalińskiej,
_c2008.
300 _a1 dysk optyczny (CD-ROM) ;
_c12 cm.
500 _aTyt. z ekranu tytułowego.
504 _aBibliogr.
650 4 _aPrakseologia
655 4 _aPodręczniki akademickie
655 _aDokumenty elektroniczne
710 2 _aPolitechnika Koszalińska.
_bWydawnictwo Uczelniane.
_eWydawca.
856 _uhttp://koha.tu.koszalin.pl/cgi-bin/koha/opac-detail.pl?biblionumber=41177
_yKatalog online BPK
856 _uhttp://dlibra.tu.koszalin.pl/dlibra/docmetadata?id=41&from=&dirids=1&ver_id=&lp=1&QI=
_yBiblioteka Cyfrowa
942 _cCD
_2UKD
999 _c41177
_d41177